| 000 | 00641nam a2200169 a 4500 | ||
|---|---|---|---|
| 008 | 081208s1994 ||||||||||||||||| || u | ||
| 050 | _aIBRD-IFC(058)AR/1994 | ||
| 110 | _aWorld Bank | ||
| 245 | 1 | 0 | _aInternational Finance Corporation (IFC): 1994 annual report |
| 260 |
_aWashington, D. C.: _bWorld Bank _c1994 |
||
| 300 | _a174p. :ill. | ||
| 350 | _a0.00 | ||
| 650 | _aBANKS | ||
| 650 | _aWORLD BANK--ANNUAL REPORTS | ||
| 710 | _aInternational Finance Corporation (IFC) | ||
| 995 |
_D0.00 _FCBU-MAIN LIBRARY (Kitwe) _H1 _I0.00 _M1 _UAVAILABLE _WDec 8, 2008 _ZInternational Publications |
||
| 999 |
_c47376 _d47376 |
||